000 00278nam a2200121Ia 4500
008 190216s9999||||xx |||||||||||||| ||und||
100 _aBernard Miller
245 0 _aThermal Analysis
260 _bJohn Wiley & Sons
_c1982
300 _axxxiip
650 _aChemistry
942 _cBK
999 _c2440
_d2440